000
00318nam a22001337a 4500
008
180306b xxu||||| |||| 00| 0 eng d
020
_a
9780312436261
041
_a
eng
080
_a
82
100
_a
21
101
_a
GJL
245
_a
From critical thinking to argument a portable guide
_c
Barnet,S
942
_2
udc
_c
BK
999
_c
44169
_d
44169